<The> globalization paradox why global markets, states, and democracy can't coexist

Saved in:
Bibliographic Details
Main Author: Rodrik, Dani
Format: Book
Language:English
Published: New York Oxford University Press 2012
Subjects:
Tags: Add Tag
No Tags, Be the first to tag this record!

MARC

LEADER 00000nam a2200000 4500
001 0199383
005 20230109114535.1
020 |a 978-0-19-965252-5 
020 |a 978-0-19-960333-6 
041 0 |a eng 
044 |a US 
245 1 0 |a <The> globalization paradox  |b why global markets, states, and democracy can't coexist  |c Dani Rodrik 
264 1 |a New York  |b Oxford University Press  |c 2012 
300 |a 346 s. 
610 2 0 |a globalizácia 
610 2 0 |a organizácie obchodné 
610 2 0 |a organizácie medzinárodné 
610 2 0 |a financie 
610 2 0 |a krajiny rozvojové 
610 2 0 |a chudoba 
610 2 0 |a hospodárstvo svetové 
610 2 0 |a kapitalizmus 
100 1 |a Rodrik, Dani